|
|
|
|
| LEADER |
01704nam a2200409Ia 4500 |
| 001 |
EBC259211 |
| 003 |
MiAaPQ |
| 005 |
20200520144314.0 |
| 006 |
m o d | |
| 007 |
cr cn||||||||| |
| 008 |
000516s2000 onc sb 000 0 fre d |
| 020 |
|
|
|z 0889368988
|
| 035 |
|
|
|a (MiAaPQ)EBC259211
|
| 035 |
|
|
|a (Au-PeEL)EBL259211
|
| 035 |
|
|
|a (CaPaEBR)ebr10120552
|
| 035 |
|
|
|a (CaONFJC)MIL71809
|
| 035 |
|
|
|a (OCoLC)814472029
|
| 040 |
|
|
|a MiAaPQ
|c MiAaPQ
|d MiAaPQ
|
| 050 |
|
4 |
|a HC60
|b .M6714 2000
|
| 082 |
0 |
4 |
|a 338.9/009172/4
|2 21
|
| 245 |
0 |
4 |
|a Les politiques sociales transnationales
|h [electronic resource] :
|b les nouveaux dfis de la mondialisation pour le dveloppement /
|c sous la direction de Daniel Morales-Gomez.
|
| 260 |
|
|
|a Ottawa, Ont. :
|b Centre de recherches pour le dveloppement international,
|c c2000.
|
| 300 |
|
|
|a viii, 252 p.
|
| 500 |
|
|
|a Publ. aussi en anglais sous le titre: Transnational social policies.
|
| 504 |
|
|
|a Comprend des rf. bibliogr.: p. 233-252 p.
|
| 533 |
|
|
|a Electronic reproduction. Ann Arbor, MI : ProQuest, 2015. Available via World Wide Web. Access may be limited to ProQuest affiliated libraries.
|
| 650 |
|
0 |
|a Income distribution
|z Developing countries.
|
| 651 |
|
0 |
|a Developing countries
|x Social policy.
|
| 651 |
|
0 |
|a Developing countries
|x Economic conditions.
|
| 651 |
|
0 |
|a Africa
|x Social policy.
|
| 651 |
|
0 |
|a Asia
|x Social policy.
|
| 651 |
|
0 |
|a Latin America
|x Social policy.
|
| 655 |
|
4 |
|a Electronic books.
|
| 700 |
1 |
|
|a Morales-Gomez, Daniel A.
|
| 710 |
2 |
|
|a International Development Research Centre (Canada)
|
| 710 |
2 |
|
|a ProQuest (Firm)
|
| 856 |
4 |
0 |
|u https://ebookcentral.proquest.com/lib/matrademy/detail.action?docID=259211
|z Click to View
|